000 00820nmc a2200277 a 4500
003 AR-BaBNM
005 20251128211730.0
008 146020s2005 ||||||||||||||000 | spa||
020 _a84-277-1510-2
040 _cAR-BaBNM
100 1 _aPulgar Burgos, José Luis
245 1 0 _aEvaluación del aprendizaje en educación no formal
_brecursos prácticos para el profesorado
260 _aMadrid
_bNarcea, S.A. de Ediciones
_c2005
300 0 _a172 p.
490 0 _aGuías para la formación
650 4 _aAPRENDIZAJE
650 4 _aEDUCACION NO FORMAL
650 4 _aEVALUACION DEL ALUMNO
650 4 _aCRITERIOS DE EVALUACION
650 4 _aMETODOS DE EVALUACION
650 4 _aTECNICAS DE EVALUACION
650 4 _aDIDACTICA
650 4 _aANIMADORES DE LA COMUNIDAD
942 _cBK
998 _cme-solo cat
999 _c20880
_d20880